Stavebné stroje a mechanizmy cvičenia

Bibliographic Details
Main Author: Vangel, Jozef, 1947- (Author)
Format: Book
Language:Slovak
PhysicalDescription:137 s. fotogr., grafy, ilustr., tab. 30 cm
Published: V Žiline Žilinská univerzita, Stavebná fakulta EDIS 2013
ISBN:9788055408149
Edition:1. vyd.
Subjects:

MARC

LEADER 00000nam a2200000 a 4500
001 vtls010579912
003 SK-MaSNL
005 20260301133647.0
008 251104s2013 xo oda e n 000 0 slo
015 |a SNBA1024/04 
020 |a 9788055408149  |q (brož.) 
035 |a 461904BC-F64A-4060-B260-0794E59F6CC4 
035 |a urn:nbn:sk:snk-amjz2w 
035 |a urn:nbn:sk:snk-am0083r2 
040 |a SNK  |b slo  |c SNK  |e AACR2 
041 0 |a slo 
044 |a xo  |c SK 
072 7 |a 69  |x Stavebníctvo  |2 konspekt 
080 |a 69-1  |2 2001 
080 |a (076.5)  |2 2001 
080 |a (075.8)  |2 2001 
080 |a 621.878/.879  |2 2001 
100 1 |a Vangel, Jozef,  |d 1947-  |4 aut  |9 201291 
245 1 0 |a Stavebné stroje a mechanizmy  |b cvičenia  |c Jozef Vangel 
250 |a 1. vyd. 
260 |a V Žiline  |b Žilinská univerzita, Stavebná fakulta  |b EDIS  |c 2013 
300 |a 137 s.  |b fotogr., grafy, ilustr., tab.  |c 30 cm 
366 |e 150 výtl. 
504 |a Bibliogr.: s. 136-137 
650 0 7 |a stavebné stroje  |2 SNKPH  |9 67895 
650 0 7 |a Building machines  |2 SNKPHeng  |9 303933 
650 0 7 |a Excavating machines  |2 SNKPHeng  |9 314274 
650 0 7 |a stroje na zemné práce  |2 SNKPH  |9 263238 
655 7 |a praktické cvičenia  |2 SNKPH  |9 70517 
655 7 |a učebnice vysokých škôl  |2 SNKPH  |9 70191 
655 7 |a Problems, exercises, etc.  |2 SNKPHeng  |9 278342 
655 7 |a Textbooks (higher)  |2 SNKPHeng  |9 276436 
752 |a Slovensko  |d Žilina 
852 |a Štátna vedecká knižnica v Banskej Bystrici 
919 |a 978-80-554-0814-9 
958 |a NB 
999 |c 754342  |d 756272 
952 |a SNK  |b SNK  |y PREZ  |7 0  |p 17A1106000  |o snkSB 86299  |i snk2014/5886  |8 0  |0 0  |1 0  |4 0  |d 2014-03-03  |f 1  |l 0  |r 2025-05-07 00:00:00  |w 2026-02-23 
952 |a SNK  |b SNK  |y VYP  |7 0  |p 17A1105999  |o snkSB 86299 D1  |i snk2014/5887  |8 0  |0 0  |1 0  |4 0  |d 2014-03-03  |l 0  |r 2016-06-30 00:00:00  |w 2026-02-23